Statistics for Name the female novelist

Click here to take the quiz!

General Stats

  • This quiz has been taken 24 times
    (17 since last reset)
  • The average score is 5 of 10

Answer Stats

HintAnswer% Correct
Jane EyreCharlotte Bronte
94%
EmmaJane Austen
94%
White TeethZadie Smith
56%
Hollywood WivesJackie Collins
50%
Mrs DallowayVirginia Woolf
50%
The Secret GardenFrances Hodgson Burnett
44%
Bridget Jones's DiaryHelen Fielding
44%
The Casual VacancyJK Rowling
38%
The Secret HistoryDonna Tartt
31%
PostmortemPatricia Cornwell
13%

Score Distribution

Percentile by Number Answered

Percent of People with Each Score

Your Score History

You have not taken this quiz since the last reset